00301nam a2200109Ia 4500008004000000082001600040100004500056245002600101260003800127300000800165650001800173210210b1985 xxu||||| |||| 00| 0 eng d a327.17 KOVN aKOVALENKO (I I) and TUZMUKHAMEDOV (R A). aNon aligned movement. aMoscowbProgress Publishersc1985 a279 aNon Alignment